Ma dose quotidienne d'histoire : 365 notions d'histoire (notice n° 1568361)

détails MARC
000 -LEADER
fixed length control field 01253cam a2200133 4500500
005 - DATE AND TIME OF LATEST TRANSACTION
control field 20251214004243.0
041 ## - LANGUAGE CODE
Language code of text/sound track or separate title fre
042 ## - AUTHENTICATION CODE
Authentication code dc
100 10 - MAIN ENTRY--PERSONAL NAME
Personal name Lefrançois, Marc
Relator term author
245 00 - TITLE STATEMENT
Title Ma dose quotidienne d'histoire : 365 notions d'histoire
260 ## - PUBLICATION, DISTRIBUTION, ETC.
Name of publisher, distributor, etc. Armand Colin,<br/>
Date of publication, distribution, etc. 2021.<br/>
520 ## - SUMMARY, ETC.
Summary, etc. La collection «Ma dose quotidienne» vous embarque pour un tour du monde de l’histoire en 365 jours&amp;#8239;! Au fil des pages, retrouvez les dates clés et les personnages connus ou anonymes les plus marquants.Qui a été le grand perdant de la ruée vers l’or&amp;#8239;? comment s’est réellement déroulée la bataille de Marignan&amp;#8239;? quelles ont été les causes de la crise de la tulipe en Hollande&amp;#8239;? qu’est-il arrivé à la reine Brunehaut&amp;#8239;? De Clovis à Charles de Gaulle, en passant par Bagdad et São Polo, Marc Lefrançois vous racontera comment les batailles, les découvertes ou les alliances ont façonné notre histoire.Ponctué d’anecdotes ou de citations édifiantes, ce livre est à dévorer d’une seule traite ou à picorer en fonction de vos envies&amp;#8239;!
856 41 - ELECTRONIC LOCATION AND ACCESS
Uniform Resource Identifier <a href="https://shs.cairn.info/ma-dose-quotidienne-d-histoire--9782200627898?lang=fr&redirect-ssocas=7080">https://shs.cairn.info/ma-dose-quotidienne-d-histoire--9782200627898?lang=fr&redirect-ssocas=7080</a>

Pas d'exemplaire disponible.

PLUDOC

PLUDOC est la plateforme unique et centralisée de gestion des bibliothèques physiques et numériques de Guinée administré par le CEDUST. Elle est la plus grande base de données de ressources documentaires pour les Étudiants, Enseignants chercheurs et Chercheurs de Guinée.

Adresse

627 919 101/664 919 101

25 boulevard du commerce
Kaloum, Conakry, Guinée

Réseaux sociaux

Powered by Netsen Group @ 2025